50 Biggest Cities of Sri Lanka on a Map - Statistics

General Stats
  • This quiz has been taken 16 times
  • The average score is 11 of 50
Answers on the Map
Answers color-coded by a green-red scale on the quiz's map according to % correct below.
 
Answer Stats
Population City % Correct
561314 Colombo
86%
98828 Kandy
86%
107925 Sri Jayawardenepura Kotte
79%
86333 Galle
71%
80829 Jaffna
71%
86227 Batticaloa
50%
142449 Negombo
50%
50595 Anuradhapura
43%
74193 Matara
43%
48351 Trincomalee
36%
23814 Dambulla
29%
23236 Hambantota
29%
45511 Puttalam
29%
184468 Dehiwala-Mount Lavinia
21%
37871 Gampola
21%
32417 Kalutara
21%
36462 Matale
21%
168280 Moratuwa
21%
23804 Nuwara Eliya
21%
34816 Vavuniya
21%
22511 Ampara
14%
30308 Avissawella
14%
42237 Badulla
14%
62335 Gampaha
14%
27075 Hikkaduwa
14%
60915 Katunayake
14%
24833 Kurunegala
14%
24417 Mannar
14%
30069 Panadura
14%
47105 Ratnapura
14%
30934 Akkaraipattu
7%
19990 Ambalangoda
7%
37793 Beruwala
7%
21441 Chilaw
7%
31232 Ja-Ela
7%
99893 Kalmunai
7%
40356 Kattankudy
7%
60044 Kolonnawa
7%
196423 Maharagama
7%
16510 Balangoda
0%
24168 Bandarawela
0%
60110 Boralesgamuwa
0%
36712 Embilipitiya
0%
24643 Eravur
0%
252041 Kaduwela
0%
185122 Kesbewa
0%
36772 Kinniya
0%
27736 Peliyagoda
0%
28031 Wattala
0%
22377 Weligama
0%
No matching quizzes found
Score Distribution
Percent of People with Each Score
Percentile by Number Answered
Your Score History
You have not taken this quiz